1695 1190 1829 1331 1134 1464 1108 1246 1821 1895 1885 1904 1841 1953 1690 1364 1474 1814 1953 1056 1539 1912 1314 1168 1379 1516 1480 1294 1650 1351 1553 1724 1269 1329 1684 1308 1906 1871 1377 1354 1101 1019 1288 1902 1561 1277 1969 1140 1539 1459 1855 1445 1987 1981 1354 1120 1204 1036 1454 1431 1192 1128 1710 1399 1738 1471 1626 1353 1232 1977 1669 1042 1237 1365 1017 1706 1504 1370 1102 1462 1627 1433 1851 1866 1120 1670 1940 1661 1791 1868 1823 1016 1408 1541 1156 1351 1937 1035 1571 BCNSPRNW ULIB Ver.6.0+V

เปลี่ยนเป็นภาษาไทย

Change to English
 แสดงรายละเอียดบรรณานุกรม
  กลับหน้าหลัก

Brief Record : Get Marc (ISO 2709) : E-mail record : QR code < ปิดหน้าต่าง
LEADER : 00000nam 2200000uu 4500
001    13399120730
003     ULIB
008    121005s2550||||th 000 0 tha d
020    ^a9742728186
020    ^a9789742728182
050 04 ^aBQ4190^bว111ค
100 0  ^aว.วชิรเมธี
245 10 ^aธรรมะดับร้อน /^cว.วชิรเมธี
250    ^aพิมพ์ครั้งที่ 11
260    ^aกรุงเทพฯ :^bอมรินทร์,^c2550
300    ^a214 หน้า :^bภาพประกอบ ;^c17 ซม.
440  0 ^aธรรมะประยุกต์สำหรับคนรุ่นใหม่ ;^vลำดับที่ 3
650  7 ^aธรรมะ
650  7 ^aความจริง^xแง่ศาสนา^xพุทธศาสนา
650  7 ^aการดำเนินชีวิต
945    ^p135^l0^i14475
995    ^aวิภา
999 ^a ใช้งานได้ทุกระบบ
รายการนี้ยังไม่มีแท็ก
คุณยังไม่ได้ล็อกอิน คุณสามารถมีกิจกรรมร่วมกับเว็บไซต์ได้ แต่ต้องล็อกอินก่อน ::
  ล็อกอิน

รายการสื่อสารสนเทศ

ลำดับที่ ประเภท เลขเรียก/บาร์โค้ด สถานที่ สถานะ
1. วิทยาศาสตร์การแพทย์ และสุขภาพ
วิทยาศาสตร์การแพทย์ และสุขภาพ
BQ4190 ว111ค  
  Barcode: 14475
ห้องสมุดวิทยาเขตสวรรค์ประชารักษ์
►หนังสือทั่วไป
บนชั้น

รายการใกล้เคียง
    ผู้แต่ง [ว.วชิรเมธี]

    หัวเรื่อง [ธรรมะ]
    หัวเรื่อง [การดำเนินชีวิต]

BibComment


ยังไม่เคยถูกคอมเมนท์

คอมเมนท์ทรัพยากรรายการนี้
  คอมเมนท์: ธรรมะดับร้อน วว..


 Copyright 2026. Bcnsprnw @Library